00271nam a2200121Ia 4500008004100000041000800041082001600049100001100065245001700076260002900093365001600122700001100138230718s9999 xx 000 0 und d aeng a372.65bKAP aKaplan aSAT 2006 Ed. c2006bSimon And Schuslez cRs.b917.70 aKaplan